Jennifer Aniston Movies - Statistics

General Stats
  • This quiz has been taken 1,505 times
    1,504 since last reset
  • The average score is 7 of 26
Answer Stats
Year Movie % Correct
2011 Just Go With It
59%
2006 The Break-Up
56%
2004 Along Came Polly
55%
2011 Horrible Bosses
52%
2008 Marley & Me
39%
2010 The Bounty Hunter
38%
2003 Bruce Almighty
36%
1997 Picture Perfect
36%
2002 The Good Girl
33%
2009 He's Just Not That Into You
29%
2005 Rumour Has It...
28%
1999 Office Space
27%
2010 The Switch
27%
1993 Leprechaun
23%
2012 Wanderlust
23%
2006 Friends With Money
20%
2005 Derailed
19%
1996 She's the One
19%
1998 The Object of My Affection
19%
2009 Love Happens
13%
2001 Rock Star
12%
1999 The Iron Giant
11%
2008 Management
10%
1998 The Thin Pink Line
5%
1997 'Til There Was You
5%
1996 Dream for an Insomniac
4%
No matching quizzes found
Score Distribution
Percent of People with Each Score
Percentile by Number Answered
Your Score History
You have not taken this quiz since the last reset